Velazquez (Record no. 4174)

MARC details
000 -CABECERA
campo de control de longitud fija 00978nam a2200253 a 4500
001 - NÚMERO DE CONTROL
campo de control BRCA_4468
005 - FECHA Y HORA DE LA ÚLTIMA TRANSACCIÓN
campo de control 20190320204700.0
008 - DATOS DE LONGITUD FIJA--INFORMACIÓN GENERAL
campo de control de longitud fija 080910s1908----enka######---#000-0#eng-#
041 ## - CÓDIGO DE LENGUA
Código de lengua del texto/banda sonora o título independiente eng
044 ## - CÓDIGO DEL PAÍS DE LA ENTIDAD EDITORA/PRODUCTORA
Código MARC del país enk
050 #4 - SIGNATURA TOPOGRÁFICA DE LA BIBLIOTECA DEL CONGRESO
Número de clasificación DP17.V4
Número de documento/Ítem .C35 9 1908
100 1# - ENTRADA PRINCIPAL--NOMBRE DE PERSONA
Nombre de persona Calvert, Albert F.
Fechas asociadas al nombre 1872-1946
9 (RLIN) 11325
245 10 - MENCIÓN DE TÍTULO
Título Velazquez
Resto del título An account of his life and works
Mención de responsabilidad, etc. by Albert F. Calvert and C. Gasquoine Hartley.
260 ## - PUBLICACIÓN, DISTRIBUCIÓN, ETC.
Lugar de publicación, distribución, etc. Londres ; Nueva York
Nombre del editor, distribuidor, etc. John Lane, The Bodley Head
Fecha de publicación, distribución, etc. 1908
300 ## - DESCRIPCIÓN FÍSICA
Extensión xviii, 218 p. (v.9)
Otras características físicas il., 136 láminas
Dimensiones 20 cm.
440 #0 - MENCIÓN DE SERIE/PUNTO DE ACCESO ADICIONAL--TÍTULO
Título The spanish series
Designación de volumen o secuencia 9
9 (RLIN) 11326
500 ## - NOTA GENERAL
Nota general Incluye índice de ilustraciones y una lista de pinturas de Velazquez con indicación de las obras originales de donde fueron encontradas
500 ## - NOTA GENERAL
Nota general Con ex-libris de: Setterfield
500 ## - NOTA GENERAL
Nota general CEO17
600 14 - PUNTO DE ACCESO ADICIONAL DE MATERIA--NOMBRE DE PERSONA
Nombre de persona Velazquez, Diego Rodríguez de Silva y
Fechas asociadas al nombre 1599-1660
Subdivisión general Pintores españoles
9 (RLIN) 11327
700 1# - PUNTO DE ACCESO ADICIONAL--NOMBRE DE PERSONA
Nombre de persona Hartley, Gasquoine C.
9 (RLIN) 11328
902 ## - CATALOGADOR
Iniciales GFM
942 ## - ELEMENTOS DE PUNTO DE ACCESO ADICIONAL (KOHA)
Fuente del sistema de clasificación o colocación Library of Congress Classification
Tipo de ítem Koha Libros
Holdings
Estado de retiro Estado de pérdida Estado dañado No para préstamo Localización permanente Ubicación/localización actual Fecha de adquisición Número de inventario Total de préstamos Signatura topográfica completa Código de barras Fecha visto por última vez Precio válido a partir de Tipo de ítem Koha
El ejemplar forma parte de la colección y puede ser consultado según las políticas vigentes.       Biblioteca del Museo Franz Mayer (Rogerio Casas-Alatriste) Biblioteca del Museo Franz Mayer (Rogerio Casas-Alatriste) 08/09/2010 CEO17   DP17.V4 .C35 9 1908 (CEO17) 4465 22/03/2019 22/03/2019 Libros